000 00288nam a22001337a 4500
008 171227b xxu||||| |||| 00| 0 eng d
020 _a9781579541347
041 _aeng
080 _a61
100 _a3
101 _aMJE
245 _aTHE HERBAL DRUGSTORE
_cDUKE.J.A
942 _2udc
_cBK
999 _c39493
_d39493